عرض عادي
عرض مارك
- Malihi-Shoja, Lisa.
مدخل إسم شخص
001 - رقم الضبط
- حقل الضبط: 13270
003 - معرف رقم الضبط
- حقل الضبط: OSt
005 - تاريخ ووقت أخر عملية
- حقل الضبط: 20120510040613.0
008 - عناصر بيانات ثابتة الطول
- حقل تحكم ثابت الطول: 120510|||a|||||| | ||| d
040 ## - مصدر الفهرسة
- هيئة الفهرسة الأصلية: OSt
- وكالة الكتابة: OSt
100 ## - مدخل -- أسم شخص
- إسم شخص: Malihi-Shoja, Lisa.
670 ## - بيانات المصدر موجوده
- الاستشهاد بالمصدر: Work cat.: (OSt)24084: McKeown, Mick. 13263, Service user and carer involvement in education for health and social care /, 2010.
